00241nam a22000857a 4500999001700000100001900017245004200036942000700078952007000085 c66450d66447 aMukhtar, Zaman aStudent Role In the Pakistan Movement cBK 00134070aBBbBBd2020-02-12l0pB1544r2020-02-12 00:00:00yBK